20 Most Famous Cities in Sri Lanka on a Map - Statistics

General Stats
  • This quiz has been taken 90 times
  • The average score is 10 of 23
Answers on the Map
Answers color-coded by a green-red scale on the quiz's map according to % correct below.
 
Answer Stats
Wiki Monthly Views Cityquiz Mention Rate Population Answers % Correct
75.89K 41.48% 561.31K Colombo
100%
20.21K 7.90% 98.83K Kandy
86%
32.13K 13.15% 107.92K Sri Jayawardenepura Kotte
77%
13.00K 3.08% 80.83K Jaffna
76%
11.85K 2.10% 86.33K Galle
71%
9.80K 1.32% 48.35K Trincomalee
59%
6.01K 0.90% 142.45K Negombo
55%
15.38K 0.62% 50.59K Anuradhapura
49%
2.85K 0.39% 74.19K Matara
44%
4.70K 0.55% 86.23K Batticaloa
41%
60.96K 0.09% 1.00K Sigiriya
41%
4.72K 0.33% 23.81K Dambulla
38%
10.45K 0.26% 23.80K Nuwara Eliya
38%
3.09K - 5.00K Ella
32%
2.22K 0.36% 184.47K Dehiwala-Mount Lavinia
29%
2.65K 0.04% 27.07K Hikkaduwa
27%
8.53K 0.09% 13.90K Polonnaruwa
27%
5.35K - 23.24K Hambantota
26%
2.26K 0.11% 42.24K Badulla
24%
2.85K 0.15% 47.10K Ratnapura
23%
3.22K 0.10% 24.83K Kurunegala
19%
3.00K 0.04% 20.93K Kataragama
18%
2.43K 0.02% 2.00K Unawatuna
12%
No matching quizzes found
Score Distribution
Percent of People with Each Score
Percentile by Number Answered
Your Score History
You have not taken this quiz